បុរសជីកក្តាម / (Record no. 4751)
[ view plain ]
| 000 -LEADER | |
|---|---|
| fixed length control field | 02893nam a22003377a 4500 |
| 001 - CONTROL NUMBER | |
| control field | 4751 |
| 003 - CONTROL NUMBER IDENTIFIER | |
| control field | FISKH |
| 005 - DATE AND TIME OF LATEST TRANSACTION | |
| control field | 20240927162035.0 |
| 008 - FIXED-LENGTH DATA ELEMENTS--GENERAL INFORMATION | |
| fixed length control field | 240927b cb ||||| |||| 00| 0 eng d |
| 020 ## - INTERNATIONAL STANDARD BOOK NUMBER | |
| International Standard Book Number | 9789995070809 |
| 040 ## - CATALOGING SOURCE | |
| Original cataloging agency | FISKH |
| Language of cataloging | eng |
| Transcribing agency | FISKH |
| Modifying agency | FISKH |
| 050 ## - LIBRARY OF CONGRESS CALL NUMBER | |
| Classification number | PZ7 |
| 082 ## - DEWEY DECIMAL CLASSIFICATION NUMBER | |
| Classification number | 800 |
| 100 ## - MAIN ENTRY--PERSONAL NAME | |
| Personal name | Anonymous |
| 245 ## - TITLE STATEMENT | |
| Title | បុរសជីកក្តាម / |
| 250 ## - EDITION STATEMENT | |
| Edition statement | ២០០៨ |
| 260 ## - PUBLICATION, DISTRIBUTION, ETC. | |
| Place of publication, distribution, etc. | ភ្នំពេញ : |
| Name of publisher, distributor, etc. | បណ្ណាគារ បន្ទាយស្រី, |
| Date of publication, distribution, etc. | ២០០៨. |
| 300 ## - PHYSICAL DESCRIPTION | |
| Extent | 20 pages : |
| Other physical details | Color illustrations ; |
| Dimensions | 30cm |
| 500 ## - GENERAL NOTE | |
| General note | P<br/> |
| 520 ## - SUMMARY, ETC. | |
| Summary, etc. | ចៅមាណពជាបុរសកំព្រារស់នៅតែម្នាក់ឯង ថ្ងៃមួយឪពុកបុរសនោះពន្យល់សប្តិកូនអោយទៅជីកក្តាមក្បែរខ្ទមអ្នកតាដើម្បីយកទៅលក់ ពេលជីកបានយកទៅលក់នៅភូមិដែលមានសេដ្ឋីមានកូនស្រីរៀបការអស់នៅសល់តែកូនពៅ នាងតែងជួយទិញក្តាមរហូតដល់ពួកបងៗចោទថាស្រលាញ់មាណពក៏ត្រូវឪពុកបណ្តេញចេញពីផ្ទះទៅនៅជាមួយនិងមាណព នាងពៅមិនចង់អោយប្តីទៅរកក្តាមទៀតក៏ប្រើវិធីកុំអោយប្តីរកបាន តែមាណពរកបានស្នូកក្តាមមួយដ៏អស្ចារ្យ និងជួយអោយគ្រួសារនាងពៅនិងមាណពមានជីវភាពល្អប្រសើរជាងមុន។ |
| 520 ## - SUMMARY, ETC. | |
| Summary, etc. | A young man was living alone. One day, his father asked him to take some crabs to sell. When he took the crabs to sell in a village where a wealthy man had a daughter, the daughter always helped buy crabs until her sisters accused her of being in love with that young man, which led her father to kick her out of the house to live with young man. The daughter didn’t want her husband to look for crabs anymore, so she tried to prevent him from finding any. However, young man managed to catch a wonderful crab, which helped improve the living conditions of both the daughter’s family and him's.<br/><br/> |
| 521 8# - TARGET AUDIENCE NOTE | |
| Target audience note | 640L<br/> |
| Source | Lexile estimate<br/> |
| 521 8# - TARGET AUDIENCE NOTE | |
| Target audience note | P<br/> |
| Source | Raz-Plus<br/> |
| 650 ## - SUBJECT ADDED ENTRY--TOPICAL TERM | |
| Source of heading or term | ក្មេងកំព្រា |
| Topical term or geographic name entry element | នាងពៅកូនសេដ្ឋី |
| 650 ## - SUBJECT ADDED ENTRY--TOPICAL TERM | |
| Source of heading or term | Orphans |
| Topical term or geographic name entry element | Daughter of a millionaire |
| 650 ## - SUBJECT ADDED ENTRY--TOPICAL TERM | |
| Source of heading or term | ជីកក្តាម |
| Topical term or geographic name entry element | វេទមន្ត |
| 650 ## - SUBJECT ADDED ENTRY--TOPICAL TERM | |
| Source of heading or term | Crab Digging |
| Topical term or geographic name entry element | Magic |
| 700 ## - ADDED ENTRY--PERSONAL NAME | |
| Personal name | ហ៊ុល, សាផុន |
| Dates associated with a name | អ្នករចនារូបភាព |
| 942 ## - ADDED ENTRY ELEMENTS (KOHA) | |
| Source of classification or shelving scheme | Dewey Decimal Classification |
| Koha item type | Khmer Books |
| Suppress in OPAC | No |
| Withdrawn status | Lost status | Source of classification or shelving scheme | Damaged status | Not for loan | Collection | Home library | Current library | Shelving location | Date acquired | Total Checkouts | Full call number | Barcode | Date last seen | Copy number | Price effective from | Koha item type |
|---|---|---|---|---|---|---|---|---|---|---|---|---|---|---|---|---|
| Dewey Decimal Classification | Khmer Language Books / សៀវភៅភាសាខ្មែរ | Footprints International School Library Network Toul Kork Campus | Footprints International School Library Network Toul Kork Campus | TK Primary Library Room(4th Floor), Bookcase 3&4, Shelves 17-32, Yellow Books | 09/27/2024 | ANO 800 PZ7 | 2024-2094 | 09/27/2024 | 1 | 09/27/2024 | Khmer Books |
